| 000 | 01510cam a2200397 4500 | ||
|---|---|---|---|
| 001 | 13900 | ||
| 003 | http://catalogue.bnf.fr/ark:/12148/cb40980336h | ||
| 005 | 20250725114539.0 | ||
| 010 |
_a9782915794212 _d10 EUR |
||
| 020 |
_aFR _b00711060 |
||
| 073 | 0 | _a9782915794212 | |
| 090 | _a13900 | ||
| 099 | _o0 | ||
| 100 | _a20070209d2007 m y0frey50 ba | ||
| 101 | 0 | _afre | |
| 102 | _aFR | ||
| 105 | _a||||z 00|a| | ||
| 181 | 0 |
_601 _ai _bxxxe |
|
| 181 |
_602 _ctxt _2rdacontent |
||
| 182 | 0 |
_601 _an |
|
| 182 |
_602 _cn _2rdamedia |
||
| 200 | 1 |
_aMille et une nuits théâtre _bLIVR _eet sa suite somptueuse d'autres palais de couloirs étourdissants et d'animaux aveugles |
|
| 210 |
_a[Paris] _cMF _dDL 2007 _e58-Clamecy _gImpr. Laballery |
||
| 215 | _a1 vol. (72 p.) | ||
| 215 |
_ccouv. ill. _d18 cm |
||
| 225 | _aFrictions | ||
| 300 | _aDocument relatif au spectacle : Mille et une nuits / mise en scène de David Girondin Moab. - Saint-Denis : Théâtre Gérard Philipe, 20070122 | ||
| 305 | _aCréation : (France) Saint-Denis, Théâtre Gérard Philippe, 20070122 | ||
| 410 | 0 | _040018342 | |
| 410 | 0 |
_tFrictions (Paris. 2005) _x1776-3746 _d2007 |
|
| 620 | 2 |
_aFrance _dSaint-Denis _eThéâtre Gérard Philippe _f20070122 |
|
| 676 |
_a842.92 (oeuvre) _v23 |
||
| 686 |
_a802 _2Cadre de classement de la Bibliographie nationale française |
||
| 700 |
_aRaynaud _bBertrand _f1971-.... |
||
| 700 |
_314570873 _oISNI0000000372043977 _4070 |
||
| 801 | 0 |
_aFR _bFR-751131015 _c20070209 _gAFNOR _hFRBNF409803360000007 |
|